3301-岡山電気軌道の駅 - Statistics

General Stats
  • This quiz has been taken 64 times
  • The average score is 9 of 17
Answer Stats
本線 % Correct
岡山駅前
100%
清輝橋
87%
西川緑道公園
72%
柳川
70%
柳川
70%
城下
65%
郵便局前
57%
新西大寺町筋
50%
県庁通り
48%
門田屋敷
48%
小橋
46%
中納言
46%
田町
41%
大雲寺前
35%
東中央町
35%
西大寺町・岡山芸術創造劇場ハレノワ前
33%
東山・おかでんミュージアム駅
30%
No matching quizzes found
Score Distribution
Percent of People with Each Score
Percentile by Number Answered
Your Score History
You have not taken this quiz